La obra de William Faulkner / (Record no. 169049)
[ view plain ]
| 000 -LEADER | |
|---|---|
| campo de control de longitud fija | 00955nam a2200241 i 4500 |
| 001 - NÚMERO DE CONTROL | |
| campo de control | 169049 |
| 003 - IDENTIFICADOR DE NÚMERO DE CONTROL | |
| campo de control | ES-MaACL |
| 005 - FECHA Y HORA DE LA ÚLTIMA TRANSACCIÓN | |
| campo de control | 20251016161241.0 |
| 008 - DATOS DE LONGITUD FIJA--INFORMACIÓN GENERAL | |
| campo de control de longitud fija | 080805s1953 sp f |||| | spa d |
| 080 ## - NÚMERO DE LA CLASIFICACIÓN DECIMAL UNIVERSAL | |
| Número de la Clasificación Decimal Universal | 821.111(73) Faulkner, William 1.09 |
| 100 1# - ENTRADA PRINCIPAL--NOMBRE DE PERSONA | |
| Nombre de persona | Ynduráin, Francisco, |
| Fechas asociadas al nombre | 1910-1994 |
| 9 (RLIN) | 117648 |
| 245 13 - MENCIÓN DEL TÍTULO | |
| Título | La obra de William Faulkner / |
| Mención de responsabilidad, etc. | Francisco Yndurain. |
| 260 ## - PUBLICACIÓN, DISTRIBUCIÓN, ETC. | |
| Lugar de publicación, distribución, etc. | Madrid : |
| Nombre del editor, distribuidor, etc. | Ateneo, |
| Fecha de publicación, distribución, etc. | 1953. |
| 300 ## - DESCRIPCIÓN FÍSICA | |
| Extensión | 33 p. : |
| Otras características físicas | 1 lám. ; |
| Dimensiones | 19 cm. |
| 490 1# - MENCIÓN DE SERIE | |
| Mención de serie | Colección "O crece o muere" ; |
| Designación de volumen o secuencia | 47 |
| 500 ## - NOTA GENERAL | |
| Nota general | El original fue dado a conocer por el autor en el Ateneo de Madrid, el día 23 de enero de 1953 en un cursillo sobre "Novela norteamericana contemporánea" |
| 600 14 - PUNTO DE ACCESO ADICIONAL DE MATERIA--NOMBRE DE PERSONA | |
| Nombre de persona | Faulkner, William, |
| Fechas asociadas al nombre | 1897-1962 |
| 9 (RLIN) | 242365 |
| 610 27 - PUNTO DE ACCESO ADICIONAL DE MATERIA--NOMBRE DE ENTIDAD CORPORATIVA | |
| Nombre de entidad corporativa o nombre de jurisdicción como elemento de entrada | Ateneo de Madrid- |
| Subdivisión de forma | Conferencias- |
| Subdivisión cronológica | 1940-1982. |
| 9 (RLIN) | 1908 |
| 830 00 - PUNTO DE ACCESO ADICIONAL DE SERIE-TÍTULO UNIFORME | |
| Título uniforme | Colección "O crece o muere" |
| Designación de volumen o secuencia | 47 |
| 9 (RLIN) | 183476 |
| 852 ## - LOCALIZACIÓN | |
| Ubicación | ES-MaACL |
| Número de control de estantería | J-24(47) |
| 852 ## - LOCALIZACIÓN | |
| Ubicación | ES-MaACL |
| Número de control de estantería | J-25(47) |
| Estatus retirado | Estado de pérdida | Estado de daño | No para préstamo | Colección | Biblioteca de origen | Biblioteca actual | Ubicación en estantería | Fecha de adquisición | Total de préstamos | Signatura topográfica completa | Código de barras | Visto por última vez | Precio de reemplazo | Tipo de ítem Koha |
|---|---|---|---|---|---|---|---|---|---|---|---|---|---|---|
| Fondo Ateneo de Madrid | Biblioteca del Ateneo de Madrid | Biblioteca del Ateneo de Madrid | Depósito 2 | 05/08/2008 | J-25(47) | 1177437 | 23/02/2023 | 23/02/2023 | Libro impreso | |||||
| Fondo Ateneo de Madrid | Biblioteca del Ateneo de Madrid | Biblioteca del Ateneo de Madrid | Depósito 2 | 05/08/2008 | J-24(47) | 1177436 | 23/02/2023 | 23/02/2023 | Libro impreso |
